1450 1903 1124 1792 1176 1835 1169 1950 1461 1501 1078 1507 1182 1695 1619 1412 1166 1338 1963 1483 1628 1270 1092 1334 1972 1530 1166 1271 1635 1606 1604 1324 1334 1061 1794 1435 1862 1219 1926 1507 1388 1947 1073 1903 1184 1963 1528 1558 1949 1157 1164 1163 1298 1980 1936 1120 1524 1879 1285 1306 1289 1257 1555 1678 1435 1246 1429 1625 1793 1950 1090 1052 1136 1211 1712 1891 1786 1818 1964 1845 1332 1998 1501 1487 1226 1023 1507 1931 1006 1065 1659 1719 1104 1786 1032 1466 1722 1125 1086 BCNSPRNW ULIB Ver.6.0+V

เปลี่ยนเป็นภาษาไทย

Change to English
 แสดงรายละเอียดบรรณานุกรม
  กลับหน้าหลัก

Brief Record : Get Marc (ISO 2709) : E-mail record : QR code < ปิดหน้าต่าง
LEADER : 00000nam 2200000uu 4500
001    13399115025
003     ULIB
008    020711s2552 th a 000 0 tha d
020    ^a9786167010120
082 04 ^aนว.^bจ718ค
090    ^aนว.^bจ718ค
100    ^aJeaniene Frost
245    ^aครึ่งทางสู่(หลุมรัก)/^cJeaniene Frost
260    ^aกรุงเทพฯ :^bนกฮูก,^c2552
300    ^a366 หน้า
945    ^p280^l0^i028402
995    ทศพร
999 ^a ทศพร
รายการนี้ยังไม่มีแท็ก
คุณยังไม่ได้ล็อกอิน คุณสามารถมีกิจกรรมร่วมกับเว็บไซต์ได้ แต่ต้องล็อกอินก่อน ::
  ล็อกอิน

รายการสื่อสารสนเทศ

ลำดับที่ ประเภท เลขเรียก/บาร์โค้ด สถานที่ สถานะ
1. นวนิยาย
นวนิยาย
นว. จ718ค นว. จ718ค  
  Barcode: 028402
ห้องสมุดวิทยาเขตสวรรค์ประชารักษ์
►นวนิยาย
บนชั้น
  ขอยืม

BibComment


ยังไม่เคยถูกคอมเมนท์

คอมเมนท์ทรัพยากรรายการนี้
  คอมเมนท์: ครึ่งทางสู่หลุมร..


 Copyright 2026. Bcnsprnw @Library